Louise Bourgeois/ (Record no. 4367)

MARC details
000 -LEADER
campo de control de longitud fija 00910mam a22002654a 4500
001 - NÚMERO DE CONTROL
campo de control 2362950
003 - IDENTIFICADOR DE NÚMERO DE CONTROL
campo de control OSt
005 - FECHA Y HORA DE LA ÚLTIMA TRANSACCIÓN
campo de control 20230925075338.0
008 - DATOS DE LONGITUD FIJA--INFORMACIÓN GENERAL
campo de control de longitud fija 000421s1999 gw a c 000 0 ger c
040 ## - FUENTE DE CATALOGACIÓN
Centro/agencia transcriptor Lado V
082 ## - NÚMERO DE LA CLASIFICACIÓN DECIMAL DEWEY
Número de clasificación 750
Número de ítem B772l
100 ## - ENTRADA PRINCIPAL--NOMBRE DE PERSONA
Nombre de persona Bourgeois, Louise
9 (RLIN) 1087
245 10 - MENCIÓN DEL TÍTULO
Título Louise Bourgeois/
260 ## - PUBLICACIÓN, DISTRIBUCIÓN, ETC.
Nombre del editor, distribuidor, etc. Maier Museum of Art
Lugar de publicación, distribución, etc. Lynchburg, Virginia
Fecha de publicación, distribución, etc. 1999
300 ## - DESCRIPCIÓN FÍSICA
Extensión 24 p.
Dimensiones 27x21cm.
500 ## - NOTA GENERAL
Nota general Catalogue of an exhibition held Feb. 28-May 2, 1999.
546 ## - NOTA DE IDIOMA
Nota de lengua/lenguaje German and English.
600 10 - PUNTO DE ACCESO ADICIONAL DE MATERIA--NOMBRE DE PERSONA
Nombre de persona Bourgeois, Louise,
Fechas asociadas al nombre 1911-2010
Subdivisión de forma Exhibitions.
9 (RLIN) 3067
650 ## - PUNTO DE ACCESO ADICIONAL DE MATERIA--TÉRMINO DE MATERIA
Término de materia o nombre geográfico como elemento de entrada ARTE
9 (RLIN) 3516
Fuente del encabezamiento o término Tesauro de Arte & Arquitectura
650 ## - PUNTO DE ACCESO ADICIONAL DE MATERIA--TÉRMINO DE MATERIA
Término de materia o nombre geográfico como elemento de entrada PINTURA
9 (RLIN) 3518
Fuente del encabezamiento o término Tesauro de Arte & Arquitectura
650 ## - PUNTO DE ACCESO ADICIONAL DE MATERIA--TÉRMINO DE MATERIA
Término de materia o nombre geográfico como elemento de entrada LOUISE BOURGEOIS
9 (RLIN) 3519
Fuente del encabezamiento o término Tesauro de Arte & Arquitectura
650 ## - PUNTO DE ACCESO ADICIONAL DE MATERIA--TÉRMINO DE MATERIA
Término de materia o nombre geográfico como elemento de entrada OBTAS
Subdivisión cronológica 1989-1998
9 (RLIN) 3520
Fuente del encabezamiento o término Tesauro de Arte & Arquitectura
942 ## - ELEMENTOS DE ENTRADA SECUNDARIOS (KOHA)
Fuente del sistema de clasificación o colocación Clasificación Decimal Dewey
Tipo de ítem Koha Libros
Parte de la signatura que corresponde a la clasificación (Parte de la clasificación) 750
Parte de la signatura que identifica el ejemplar (Parte del ítem) B772l
Suprimir en OPAC No
Holdings
Estatus retirado Estado de pérdida Fuente del sistema de clasificación o colocación Especificación de materiales (volumen encuadernado u otra parte) Estado de daño No para préstamo Colección Biblioteca de origen Biblioteca actual Fecha de adquisición Número de inventario Total de préstamos Signatura topográfica completa Código de barras Visto por última vez Precio de reemplazo Tipo de ítem Koha
    Clasificación Decimal Dewey 1999     Libros Biblioteca LadoV Biblioteca LadoV 25/09/2023 002085   750 B772l 002085 25/09/2023 25/09/2023 Libros